<?xml version="1.0" encoding="UTF-8"?>
<record
    xmlns:xsi="http://www.w3.org/2001/XMLSchema-instance"
    xsi:schemaLocation="http://www.loc.gov/MARC21/slim http://www.loc.gov/standards/marcxml/schema/MARC21slim.xsd"
    xmlns="http://www.loc.gov/MARC21/slim">

  <leader>01763    a2200229   4500</leader>
  <controlfield tag="001">28909</controlfield>
  <controlfield tag="005">20260407155557.0</controlfield>
  <controlfield tag="008">260407a1999    arg                 spa d</controlfield>
  <controlfield tag="003">AR-UNSa-BCEJYS</controlfield>
  <datafield tag="040" ind1=" " ind2=" ">
    <subfield code="a">AR-UNSa-BCEJYS</subfield>
    <subfield code="b">spa</subfield>
    <subfield code="c">AR-UNSa-BCEJYS</subfield>
  </datafield>
  <datafield tag="080" ind1=" " ind2=" ">
    <subfield code="a">347.627.2</subfield>
    <subfield code="x">Divorcio</subfield>
  </datafield>
  <datafield tag="245" ind1="1" ind2="0">
    <subfield code="a">Separaci&#xF3;n personal y divorcio</subfield>
  </datafield>
  <datafield tag="020" ind1=" " ind2=" ">
    <subfield code="a">950-20-1227-5</subfield>
  </datafield>
  <datafield tag="264" ind1=" " ind2="1">
    <subfield code="a">Buenos Aires :</subfield>
    <subfield code="b">Abeledo Perrot</subfield>
    <subfield code="c">1999</subfield>
  </datafield>
  <datafield tag="300" ind1=" " ind2=" ">
    <subfield code="a">2 v.</subfield>
    <subfield code="c">23 cm.</subfield>
  </datafield>
  <datafield tag="505" ind1=" " ind2=" ">
    <subfield code="a">Vol I: 1. Nociones generales - 2. Valoraci&#xF3;n del divorcio - 3. Separaci&#xF3;n personal y divorcio - 4. De la separaci&#xF3;n personal - 5. Causas de separaci&#xF3;n personal, que no tienen que ver con la culpa - 6. Efectos de la separaci&#xF3;n personal - 7. Efectos patrimoniales - 8. Efectos patrimoniales(continuaci&#xF3;n) - 9. Efectos patrimoniales(continuaci&#xF3;n) -- Vol II: 10. Efectos respecto de los hijos - 11. De la disoluci&#xF3;n del v&#xED;nculo patrimonial - 12. Del divorcio - 13. Cuestiones procesales en los juicios de separaci&#xF3;n personal y de divorcio - 14. Cuestiones conexas a la acci&#xF3;n de separaci&#xF3;n o de divorcio, que pueden ser resueltas al comienzo del juicio - 15. El procedimiento contencioso en los juicios de separaci&#xF3;n personal y de divorcio - 16. Sobre la presentaci&#xF3;n conjunta de los c&#xF3;nyuges peticionando el divorcio o la separaci&#xF3;n personal - 17. Conversi&#xF3;n de la sentencia de separaci&#xF3;n personal en divorcio vincular - 18. Medidas cautelares para asegurar los derechos patrimoniales de los c&#xF3;nyuges - 19. Reconciliaci&#xF3;n de los conyuges </subfield>
  </datafield>
  <datafield tag="041" ind1=" " ind2=" ">
    <subfield code="a">spa</subfield>
  </datafield>
  <datafield tag="942" ind1=" " ind2=" ">
    <subfield code="c">BK</subfield>
  </datafield>
  <datafield tag="590" ind1=" " ind2=" ">
    <subfield code="a">niveau_biblio:m niveau_hierar:0</subfield>
  </datafield>
  <datafield tag="100" ind1="1" ind2=" ">
    <subfield code="a">Sambrizzi, Eduardo A.</subfield>
  </datafield>
  <datafield tag="856" ind1="4" ind2="1">
    <subfield code="u">https://biblioeco.unsa.edu.ar/pmb/images/libros/Separaci?n Personal y Divorcio-l119988.jpg</subfield>
    <subfield code="y">Imagen de portada</subfield>
    <subfield code="q">image/jpeg</subfield>
  </datafield>
  <datafield tag="999" ind1=" " ind2=" ">
    <subfield code="c">1750</subfield>
    <subfield code="d">1750</subfield>
  </datafield>
  <datafield tag="952" ind1=" " ind2=" ">
    <subfield code="0">0</subfield>
    <subfield code="1">0</subfield>
    <subfield code="4">0</subfield>
    <subfield code="7">0</subfield>
    <subfield code="a">BCEJYS</subfield>
    <subfield code="b">BCEJYS</subfield>
    <subfield code="c">16</subfield>
    <subfield code="d">2026-04-07</subfield>
    <subfield code="l">0</subfield>
    <subfield code="o">347.627.2 S187 v.1</subfield>
    <subfield code="p">L119988</subfield>
    <subfield code="r">2026-04-07 15:55:57</subfield>
    <subfield code="w">2026-04-07</subfield>
    <subfield code="y">L</subfield>
  </datafield>
  <datafield tag="952" ind1=" " ind2=" ">
    <subfield code="0">0</subfield>
    <subfield code="1">0</subfield>
    <subfield code="4">0</subfield>
    <subfield code="7">0</subfield>
    <subfield code="a">BCEJYS</subfield>
    <subfield code="b">BCEJYS</subfield>
    <subfield code="c">16</subfield>
    <subfield code="d">2026-04-07</subfield>
    <subfield code="l">0</subfield>
    <subfield code="o">347.627.2 S187 v.2</subfield>
    <subfield code="p">L119989</subfield>
    <subfield code="r">2026-04-07 15:55:57</subfield>
    <subfield code="w">2026-04-07</subfield>
    <subfield code="y">L</subfield>
  </datafield>
</record>
